000 00892cam a2200289 4500
999 _c8253
_d8253
001 8253
003 BD-JhCC
005 20180220111344.0
008 710524s1971 njuac b 001 0 eng
020 _a013050260X
035 _a(BD-JhCC)8253
040 _aDLC
_cDLC
_dDLC
_dBD-JhCC
041 _aeng
050 0 0 _aQD453.2
_b.J64 1971
082 0 0 _a541/.2
_bJOH 1971
100 1 _aJohnsen, Russell H.
245 1 0 _aAtoms, molecules, and chemical change
_c[by] Russell H. Johnsen [and] Ernest Grunwald.
250 _a3d ed.
260 _aEnglewood Cliffs, N.J.,
_bPrentice-Hall
_c[1971]
300 _a368 p.
_billus. (part col.), ports.
_c25 cm.
500 _aIn 1960 ed. Grunwald's name appeared first on t.p.
504 _aIncludes bibliographies.
650 0 _aChemistry, Physical and theoretical.
700 1 _aGrunwald, Ernest,
_d1923-2002.
942 _2ddc
_cBK